000 00797cam a22002418a 4500
005 20080916184717.0
008 080911s2008 ii 001 0 eng
010 _aENG-91962
020 _a9788174875921
_c350.00
020 _a8174875921
_c350.00
035 _aEN-75495
037 _bDBAD / PUB
040 _adpl
_bEnglish
082 _aN
100 _aSaxena, S.P.
245 _aThe three streams /
_cby S.P. Saxena
260 _aNew Delhi
_bRadha Publications
_c2008
270 _a4231/1, Ansari Road, Daryaganj,
_bNew Delhi
_e110002
300 _a174p.
_c22cm (Hb)
650 _aEnglish fiction.
942 _2ddc
_cEN
_mSAX
_hN
999 _c19377
_d19377